La novela lírica

Kaydedildi:
Detaylı Bibliyografya
Yazar: Gullón, Ricardo (Yazar)
Materyal Türü: Kitap
Dil:İspanyolca
Baskı/Yayın Bilgisi: Madrid Cátedra 1984
Seri Bilgileri:Crítica y Estudios Literarios
Konular:
Etiketler: Etiketle
Etiket eklenmemiş, İlk siz ekleyin!

MARC

LEADER 00000nam a2200000 a 4500
001 UCQ9909
003 CL-VaPUC
008 990127e19840000SP |||||||||||||||||spa|d
082 0 4 |a 863.09  |b GUL  |2 21 
100 |a Gullón, Ricardo  |e author  |9 424603 
245 1 3 |a La novela lírica 
300 |a 164 p 
942 |c BK 
945 |d 19990127 00:00:00  |a cmena 
260 |a Madrid  |b Cátedra  |c 1984 
650 7 |a NOVELA LIRICA  |2 CL-VaPUC  |9 424604 
650 0 |a Crítica e interpretación   |9 255042 
650 0 |a Filosofía de la literatura  |9 267374 
650 0 |a Crítica literaria   |9 269189 
583 |a last modification  |c 19990127 00:00:00  |k Rodrigo Vera 
490 0 |a Crítica y Estudios Literarios 
999 |c 278809  |d 278807 
952 |0 0  |1 0  |4 0  |6 863_090000000000000_GUL_1984  |7 0  |8 A  |9 317591  |a FDOPOS  |b FDOPOS  |d 2019-11-20  |i 1321285  |o 863.09 GUL 1984  |p 1321285  |r 2025-01-22  |w 2019-11-20  |y BK  |k MLH